| Tag |
First Indicator |
Second Indicator |
Subfields |
| LEADER |
00000cam a2200000 i 4500 |
| 001 |
in00004368473 |
| 005 |
20211230122215.0 |
| 008 |
050502s1985 enka 000 f eng d |
| 035 |
|
|
|a (OCoLC)ocm60033985
|
| 040 |
|
|
|a UKV3G
|b eng
|e rda
|c UKV3G
|d UKM
|d GFK
|d AU@
|d DEBBG
|d OCLCF
|d OCLCO
|d NLE
|d OCLCO
|d OCLCQ
|d UZ0
|d OCLCA
|d VT2
|d OCLCO
|d INT
|d OCLCQ
|d TXA
|
| 015 |
|
|
|a GB8541235
|2 bnb
|
| 019 |
|
|
|a 12723571
|a 877060324
|
| 020 |
|
|
|a 0907040799
|q (pbk.)
|
| 020 |
|
|
|a 9780907040798
|q (pbk.)
|
| 020 |
|
|
|a 0907040802
|q (cased)
|
| 020 |
|
|
|a 9780907040804
|q (cased)
|
| 035 |
|
|
|a (OCoLC)60033985
|z (OCoLC)12723571
|z (OCoLC)877060324
|
| 043 |
|
|
|a e-uk-en
|
| 050 |
1 |
4 |
|a PR6073.A374
|b D58 1985
|
| 082 |
0 |
4 |
|a 823/.914
|2 19
|
| 084 |
|
|
|a HN 9990
|2 rvk
|
| 049 |
|
|
|a TXAM
|
| 100 |
1 |
|
|a Wakefield, Tom,
|e author.
|
| 245 |
1 |
4 |
|a The discus throwers /
|c Tom Wakefield.
|
| 264 |
|
1 |
|a London :
|b GMP,
|c 1985.
|
| 300 |
|
|
|a 171 pages ;
|c 21 cm
|
| 336 |
|
|
|a text
|b txt
|2 rdacontent
|
| 337 |
|
|
|a unmediated
|b n
|2 rdamedia
|
| 338 |
|
|
|a volume
|b nc
|2 rdacarrier
|
| 500 |
|
|
|a The Cushing Library/Women & Gender Studies copy was acquired as part of The Don Kelly Research Collection of Gay Literature and Culture.
|5 TXA
|
| 541 |
0 |
|
|a Donated by Don Kelly
|d 20150929
|
| 650 |
|
0 |
|a Interpersonal relations
|v Fiction.
|
| 651 |
|
0 |
|a London (England)
|v Fiction.
|
| 650 |
|
7 |
|a Interpersonal relations.
|2 fast
|0 (OCoLC)fst00977397
|
| 651 |
|
7 |
|a England
|z London.
|2 fast
|0 (OCoLC)fst01204271
|
| 653 |
|
|
|a Fiction in English, 1945- - Texts.
|
| 655 |
|
7 |
|a Fiction.
|2 fast
|0 (OCoLC)fst01423787
|
| 655 |
|
7 |
|a Humorous fiction.
|2 gsafd
|
| 655 |
|
7 |
|a Gay fiction.
|2 lcgft
|
| 776 |
0 |
8 |
|i Online version:
|a Wakefield, Tom.
|t Discus throwers.
|d London : GMP, 1985
|w (OCoLC)605924311
|
| 776 |
0 |
8 |
|i Online version:
|a Wakefield, Tom.
|t Discus throwers.
|d London : GMP, 1985
|w (OCoLC)607593228
|
| 994 |
|
|
|a C0
|b TXA
|
| 948 |
|
|
|a cataloged
|b h
|c 2021/11/8
|d c
|e nbehmer
|f 12:50:12 pm
|
| 999 |
f |
f |
|s 43d46b83-93f2-36dd-8be1-2824736b8267
|i e7d85665-fea9-3279-9e32-d45270c773a4
|t 0
|
| 952 |
f |
f |
|p noncirc
|a Texas A&M University
|b College Station
|c Cushing Memorial Library & Archives
|d Cushing: Women & Gender Studies (Does not check out)
|t 0
|e PR6073.A374 D58 1985
|h Library of Congress classification
|i unmediated -- volume
|
| 998 |
f |
f |
|a PR6073.A374 D58 1985
|t 0
|l Cushing: Women & Gender Studies (Does not check out)
|